Evangelistic sermons at Aberavon / (Record no. 3090)
[ view plain ]
| 000 -LEADER | |
|---|---|
| fixed length control field | 01853cam a2200373 a 4500 |
| 001 - CONTROL NUMBER | |
| control field | 460290 |
| 003 - CONTROL NUMBER IDENTIFIER | |
| control field | GBCCL |
| 005 - DATE AND TIME OF LATEST TRANSACTION | |
| control field | 20241126110446.0 |
| 008 - FIXED-LENGTH DATA ELEMENTS--GENERAL INFORMATION | |
| fixed length control field | 840130s1983 stk 000 0 eng |
| 015 ## - | |
| -- | GB8406354 |
| -- | bnb |
| 020 ## - INTERNATIONAL STANDARD BOOK NUMBER | |
| International Standard Book Number | 085151362X |
| Qualifying information | (pbk.) |
| 020 ## - INTERNATIONAL STANDARD BOOK NUMBER | |
| International Standard Book Number | 9780851513621 |
| Qualifying information | (pbk.) |
| 035 ## - SYSTEM CONTROL NUMBER | |
| System control number | (OCoLC)ocm10167664 |
| 035 ## - SYSTEM CONTROL NUMBER | |
| System control number | (OCoLC)10167664 |
| Canceled/invalid control number | (OCoLC)863283448 |
| -- | (OCoLC)877156051 |
| 040 ## - CATALOGING SOURCE | |
| Original cataloging agency | UKM |
| Language of cataloging | eng |
| Transcribing agency | UKM |
| Modifying agency | PGC |
| -- | OCL |
| -- | BAKER |
| -- | YDXCP |
| -- | AU@ |
| -- | BDX |
| -- | OCLCF |
| -- | NLE |
| -- | OCLCO |
| -- | OCLCQ |
| -- | OCLCO |
| -- | EQO |
| -- | OCLCQ |
| -- | LBB |
| 049 ## - | |
| -- | LBBK |
| 050 14 - | |
| -- | BX8333 |
| 082 04 - DEWEY DECIMAL CLASSIFICATION NUMBER | |
| Classification number | 252.07 |
| Edition information | 19 |
| Item number | LLO |
| 090 ## - LOCALLY ASSIGNED LC-TYPE CALL NUMBER (OCLC); LOCAL CALL NUMBER (RLIN) | |
| Classification number (OCLC) (R) ; Classification number, CALL (RLIN) (NR) | BX8333 |
| Local cutter number (OCLC) ; Book number/undivided call number, CALL (RLIN) | .L555 1983 |
| 100 1# - MAIN ENTRY--PERSONAL NAME | |
| Personal name | Lloyd-Jones, David Martyn. |
| 9 (RLIN) | 3072 |
| 245 10 - TITLE STATEMENT | |
| Title | Evangelistic sermons at Aberavon / |
| Statement of responsibility, etc. | D.M. Lloyd-Jones. |
| 260 ## - PUBLICATION, DISTRIBUTION, ETC. | |
| Place of publication, distribution, etc. | Edinburgh : |
| Name of publisher, distributor, etc. | Banner of Truth Trust, |
| Date of publication, distribution, etc. | 1983. |
| 300 ## - PHYSICAL DESCRIPTION | |
| Extent | x, 294 pages ; |
| Dimensions | 22 cm |
| 336 ## - CONTENT TYPE | |
| Content type term | text |
| Content type code | txt |
| Source | rdacontent |
| 337 ## - MEDIA TYPE | |
| Media type term | unmediated |
| Media type code | n |
| Source | rdamedia |
| 338 ## - CARRIER TYPE | |
| Carrier type term | volume |
| Carrier type code | nc |
| Source | rdacarrier |
| 505 0# - FORMATTED CONTENTS NOTE | |
| Formatted contents note | Christianity -- impossible with men -- The Savior of the world -- The strait gate -- Why men disbelieve -- No freedom except in Christ -- Man's fundamental trouble -- The thoroughness of the Gospel -- The wedding garment -- Away from Jesus or with Him -- Repentance : the gate to the kingdom -- Why hopes of heaven fail -- Missing the mark -- False assumptions -- True and false religion -- The wonder of the Gospel -- Devotion to Christ and its source -- The parable of the prodigal son -- Jairus -- complete salvation -- True Christian discipleship -- The narrowness of the Gospel -- What worldliness forgets. |
| 610 24 - SUBJECT ADDED ENTRY--CORPORATE NAME | |
| Corporate name or jurisdiction name as entry element | Methodist Church |
| Form subdivision | Sermons. |
| 9 (RLIN) | 6409 |
| 650 #0 - SUBJECT ADDED ENTRY--TOPICAL TERM | |
| Topical term or geographic name entry element | Sermons, English. |
| 9 (RLIN) | 1092 |
| 650 #7 - SUBJECT ADDED ENTRY--TOPICAL TERM | |
| Topical term or geographic name entry element | Sermons, English. |
| Source of heading or term | fast |
| Authority record control number or standard number | (OCoLC)fst01113250 |
| 9 (RLIN) | 1092 |
| 653 ## - INDEX TERM--UNCONTROLLED | |
| Uncontrolled term | Methodist churches |
| -- | Sermons - Texts |
| 655 #7 - INDEX TERM--GENRE/FORM | |
| Genre/form data or focus term | Sermons. |
| Source of term | fast |
| Authority record control number or standard number | (OCoLC)fst01423904 |
| 9 (RLIN) | 6402 |
| 942 ## - ADDED ENTRY ELEMENTS (KOHA) | |
| Source of classification or shelving scheme | Dewey Decimal Classification |
| Koha item type | Books |
| Withdrawn status | Lost status | Source of classification or shelving scheme | Damaged status | Not for loan | Home library | Current Library | Shelving location | Date acquired | Total checkouts | Full call number | Barcode | Date last seen | Copy number | Price effective from | Koha item type |
|---|---|---|---|---|---|---|---|---|---|---|---|---|---|---|---|
| Dewey Decimal Classification | GRACE BIBLE COLLEGE | GRACE BIBLE COLLEGE | Ministry & Mission | 2017-10-19 | 252.07 LLO | 005967 | 2025-05-01 | c.1 | 2017-10-19 | Books |